Ambitos de la educación especial. Actualización y aplicación en contexto nacional
Guardat en:
| Autor principal: | |
|---|---|
| Format: | Llibre |
| Idioma: | anglès |
| Publicat: |
Valparaíso, Chile
Ediciones Universitarias de Valparaíso
2020
|
| Matèries: | |
| Etiquetes: |
Afegir etiqueta
Sense etiquetes, Sigues el primer a etiquetar aquest registre!
|
MARC
| LEADER | 00000nam a22000007a 4500 | ||
|---|---|---|---|
| 003 | CL-VaPUC | ||
| 005 | 20210519121726.0 | ||
| 008 | 210309b ||||| |||| 00| 0 eng d | ||
| 999 | |c 432618 |d 432616 | ||
| 020 | |a 9789561708730 | ||
| 040 | |c Pontificia Universidad Católica de Valparaíso | ||
| 082 | |a 371.9 CAT 2020 | ||
| 100 | 1 | |a Catalán Henríquez, Sandra |9 859847 |e editora | |
| 245 | |a Ambitos de la educación especial. |b Actualización y aplicación en contexto nacional | ||
| 260 | |a Valparaíso, Chile |b Ediciones Universitarias de Valparaíso |c 2020 | ||
| 300 | |a 287 páginas | ||
| 500 | |a Donación de Profesora Rocío Hidalgo Escobar | ||
| 583 | |c 20210309 |k Cristina Rojas | ||
| 650 | |a Educación diferencial |9 338931 | ||
| 650 | |a Educación especial |9 307486 | ||
| 650 | |a Educación inclusiva |9 560584 | ||
| 852 | |a BIBCUR | ||
| 942 | |2 ddc |c BK | ||
| 952 | |0 0 |1 0 |2 ddc |4 0 |6 371_900000000000000_CAT_2020 |7 0 |8 A |9 577623 |a BIBEDU |b BIBEDU |d 2021-03-09 |i 5620783 |o 371.9 CAT 2020 |p 5620783 |r 2021-03-09 |t 2 |w 2021-03-09 |y BK |k EPE | ||
| 952 | |0 0 |1 0 |2 ddc |4 0 |6 371_900000000000000_CAT_2020 |7 0 |8 A |9 577624 |a BIBHIS |b BIBHIS |d 2021-03-09 |i 5620775 |o 371.9 CAT 2020 |p 5620775 |r 2021-03-09 |t 1 |w 2021-03-09 |y BK |k HIS | ||
| 952 | |0 0 |1 0 |2 ddc |4 0 |6 371_900000000000000_CAT_2020 |7 0 |8 A |9 577625 |a BIBMAT |b BIBMAT |c E_DIDACT |d 2021-03-09 |i 5620805 |o 371.9 CAT 2020 |p 5620805 |r 2025-01-07 |t 4 |w 2021-03-09 |y BK |k MAT | ||
| 952 | |0 0 |1 0 |2 ddc |4 0 |6 371_900000000000000_CAT_2020 |7 0 |8 A |9 577626 |a BIBEDU |b BIBEDU |d 2021-03-09 |i 5620813 |o 371.9 CAT 2020 |p 5620813 |r 2023-01-12 |t 5 |w 2021-03-09 |y BK |k MUS | ||
| 952 | |0 0 |1 0 |2 ddc |4 0 |6 371_900000000000000_CAT_2020 |7 0 |8 C |9 577627 |a BIBCUR |b BIBCUR |d 2021-03-09 |i 5620791 |l 2 |o 371.9 CAT 2020 |p 5620791 |r 2025-04-22 |s 2024-04-30 |t 3 |w 2021-03-09 |y BK |k CAC | ||
| 952 | |0 0 |1 0 |2 ddc |4 0 |6 371_900000000000000_CAT_2020 |7 0 |8 A |9 577628 |a BIBTEO |b BIBTEO |d 2021-03-09 |i 5620821 |o 371.9 CAT 2020 |p 5620821 |r 2025-01-17 |t 6 |w 2021-03-09 |y BK |k ICR | ||